<?xml version="1.0" encoding="UTF-8"?>
<marc:record xmlns:marc="http://www.loc.gov/MARC21/slim">
   <marc:leader>00000nam a2200000 a 4500</marc:leader>
   <marc:datafield ind1="1" ind2=" " tag="100">
      <marc:subfield code="a">Seher, Peter</marc:subfield>
   </marc:datafield>
   <marc:datafield ind1="0" ind2="0" tag="245">
      <marc:subfield code="a">Kaspar Hauser</marc:subfield>
   </marc:datafield>
   <marc:datafield ind1=" " ind2="1" tag="264">
      <marc:subfield code="c">2004</marc:subfield>
   </marc:datafield>
   <marc:datafield ind1="1" ind2=" " tag="520">
      <marc:subfield code="a">Kurz nach der Geburt wird der Erbprinz des Hauses Baden Opfer einer Intrige: Er wird mit einem todkranken Kind vertauscht und fällt in die Hände der Bayern, die ihn zwölf Jahr lang einsperren. Der geistig verkümmerte Junge wird freigelassen. Gerade als er lernt, das Leben zu genießen, fällt er neuen Intrigen zum Opfer. Zum 160. Todestag von Kaspar Hauser rollt Peter Sehr den berühmtesten Kriminalfall des 19. Jahrhunderts noch einmal auf. Seine Variante der tragischen Geschichte ist ebenso Zeitdokument wie Politthriller. Herausragend die Schauspielleistungen, allen voran Andre Eisermann in der Titelrolle.</marc:subfield>
   </marc:datafield>
   <marc:datafield ind1="0" ind2=" " tag="490">
      <marc:subfield code="v">0</marc:subfield>
   </marc:datafield>
   <marc:datafield ind1=" " ind2=" " tag="300">
      <marc:subfield code="a">135 min</marc:subfield>
   </marc:datafield>
</marc:record>
